Introdución dialéctica a la psicopatología / (Record no. 95550)

MARC details
000 -LEADER
campo de control de longitud fija 00650nam a2200205 i 4500
001 - NÚMERO DE CONTROL
campo de control 95550
003 - IDENTIFICADOR DE NÚMERO DE CONTROL
campo de control ES-MaACL
005 - FECHA Y HORA DE LA ÚLTIMA TRANSACCIÓN
campo de control 20250927063036.0
007 - CAMPO FIJO DE DESCRIPCIÓN FÍSICA--INFORMACIÓN GENERAL
campo de control de longitud fija t|
008 - DATOS DE LONGITUD FIJA--INFORMACIÓN GENERAL
campo de control de longitud fija 050531s1970 sp ||||1| spa d
100 1# - ENTRADA PRINCIPAL--NOMBRE DE PERSONA
Nombre de persona Llopis, Bartolomé,
Fechas asociadas al nombre 1905-1966
9 (RLIN) 72825
245 10 - MENCIÓN DEL TÍTULO
Título Introdución dialéctica a la psicopatología /
Mención de responsabilidad, etc. Bartolomé Llopis Lloret.
260 ## - PUBLICACIÓN, DISTRIBUCIÓN, ETC.
Lugar de publicación, distribución, etc. Madrid :
Nombre del editor, distribuidor, etc. Morata,
Fecha de publicación, distribución, etc. 1970.
300 ## - DESCRIPCIÓN FÍSICA
Extensión 440 p. ;
Dimensiones 21 cm.
490 1# - MENCIÓN DE SERIE
Mención de serie Filosofía. Psicología. Pedagogía
650 #4 - PUNTO DE ACCESO ADICIONAL DE MATERIA--TÉRMINO DE MATERIA
Término de materia o nombre geográfico como elemento de entrada Psicopatología.
9 (RLIN) 16577
830 00 - PUNTO DE ACCESO ADICIONAL DE SERIE-TÍTULO UNIFORME
Título uniforme Filosofía, psicología, pedagogía
9 (RLIN) 181408
852 ## - LOCALIZACIÓN
Ubicación ES-MaACL
Número de control de estantería C-39374
Sublocalización o colección R.75637
Holdings
Estatus retirado Estado de pérdida Estado de daño No para préstamo Biblioteca de origen Biblioteca actual Ubicación en estantería Fecha de adquisición Fuente de adquisición Total de préstamos Signatura topográfica completa Código de barras Visto por última vez Precio de reemplazo Tipo de ítem Koha
        Biblioteca del Ateneo de Madrid Biblioteca del Ateneo de Madrid Depósito 2 17/01/2008     C-39374 1099772 23/02/2023 23/02/2023 Libro impreso